| 000 | 00481nam a2200157Ia 4500 | ||
|---|---|---|---|
| 005 | 20250329115149.0 | ||
| 008 | 231217s9999 xx 000 0 und d | ||
| 020 | _a9788131405505 | ||
| 082 | _a658.8 PAN;1 R | ||
| 100 | _aPanda, Tapan K. | ||
| 245 | 0 | _aContemporovary marketing : the changing face of marketing 21st century | |
| 260 |
_c2006 _bIcfai _aHyderabad |
||
| 300 | _axxv, 230 | ||
| 650 | _aContemporovary,marketing,changing,face,marketing,21st,century | ||
| 942 | _cAA | ||
| 999 |
_c189099 _d189099 |
||